000 00662nam a22002177a 4500
003 UA-OsUOA
001 36194
007 ta
008 20060707b un ||||| |||| 00| 0 ukr d
090 _a082/94(477)
_bП78
942 _cBK
040 _aUA-OsUOA
_bukr
_cUA-OsUOA
_dUA-OsUOA
245 _aПроблеми історії України: факти, судження, пошуки
_bМіжвідомчий збірник наукових праць
_nВипуск 7
300 _a479 с.
955 _a1
041 _aukr
080 _a082/94(477)
260 _aК.
_c2003
650 7 _a08 Видання. Колективні праці
_2UDC
999 _c434736
_d434736